Di celah mimpi yang pulang (Record no. 65005)

MARC details
000 -LEADER
fixed length control field 00646nam a2200241 i 4500
001 - CONTROL NUMBER
control field C2-0251901
003 - CONTROL NUMBER IDENTIFIER
control field PPAK
005 - DATE AND TIME OF LATEST TRANSACTION
control field 20180727215206.0
008 - FIXED-LENGTH DATA ELEMENTS--GENERAL INFORMATION
fixed length control field 031012s2003 my |||| ||||| | may d
020 ## - INTERNATIONAL STANDARD BOOK NUMBER
International Standard Book Number 9831950313
040 ## - CATALOGING SOURCE
Original cataloging agency PPAK
Language of cataloging eng
Transcribing agency PPAK
Description conventions rda
082 04 - DEWEY DECIMAL CLASSIFICATION NUMBER
Classification number 899.233
Edition number 23
090 00 - LOCALLY ASSIGNED LC-TYPE CALL NUMBER (OCLC); LOCAL CALL NUMBER (RLIN)
Classification number (OCLC) (R) ; Classification number, CALL (RLIN) (NR) 899.233
Feature heading AZA
Feature heading G
100 0# - MAIN ENTRY--PERSONAL NAME
Personal name Azaha Othman,
Relator term author
245 10 - TITLE STATEMENT
Title Di celah mimpi yang pulang
264 #1 - PRODUCTION, PUBLICATION, DISTRIBUTION, MANUFACTURE, AND COPYRIGHT NOTICE
Place of production, publication, distribution, manufacture Shah Alam, Selangor :
Name of producer, publisher, distributor, manufacturer Karisma Publications ,
Date of production, publication, distribution, manufacture, or copyright notice 2003
300 ## - PHYSICAL DESCRIPTION
Extent 118 pages ;
Dimensions 19 cm
336 ## - CONTENT TYPE
Source rdacontent
Content type term text
337 ## - MEDIA TYPE
Source rdamedia
Media type term unmediated
338 ## - CARRIER TYPE
Source rdacarrier
Carrier type term volume
650 10 - SUBJECT ADDED ENTRY--TOPICAL TERM
Topical term or geographic name entry element Malay fiction
942 ## - ADDED ENTRY ELEMENTS (KOHA)
-- dc
Koha item type Book
Holdings
Withdrawn Not for loan Current library Shelving location Date acquired Full call number Barcode Date last seen Koha item type Total Checkouts
    PD30, Bandar Baru Beris Jaya, Sik Pinjaman Dewasa 09/06/2004 899.233 AZA A01064643 08/05/2018 Book  
    PD39, Felda Bukit Tembaga, Kuala Nerang Pinjaman Dewasa 19/11/2003 899.233 AZA A01061943 08/05/2018 Book